000 00904nam a22002657a 4500
003 DO-SdBNP
005 20231026134741.0
007 ta
008 210513e2014 dr ||||erl||| 001 0dsp d
040 _aDO-SdBNP
_bspa
_cBNPHU
082 4 _a362.6
_bA795d
100 _aArvelo, Genaro
_d1954-
_937157
245 1 3 _aLos derechos de las personas envejecientes /
_cGenearo Arvelo
260 _aSanto Domingo :
_b[s.n],
_c2014
300 _a80 p.;
_c21 cm
500 _aIncluye referencias bibliográficas y notas al pie de las páginas
504 _aBibliografía : p. 78- 80
590 _aInventariado, 2021/MFF
590 _aLa biblioteca pose 1 ejemplar autografiado por el autor
650 4 _aAsistencia legal a la vejez
_978924
650 4 _aAncianos
_zRepública Dominicana
_978925
650 4 _aAncianos
_xSituación legal
_978926
910 _aValidado. Control de calidad MFF
942 _2ddc
_cLBS1
999 _c49811
_d49811